[Event "Open"]
[Site "Pula CRO"]
[Date "2002.05.13"]
[Round "2"]
[White "Levar,N"]
[Black "Zaja,I"]
[Result "0-1"]
[WhiteElo "2241"]
[BlackElo "2459"]

1.d4 Nf6 2.Nf3 e6 3.c4 b6 4.Nc3 Bb4 5.Qc2 Bb7 6.a3 Bxc3+ 7.Qxc3 d6 8.e3 Nbd7
9.Be2 Ne4 10.Qc2 f5 11.O-O O-O 12.Ne1 Qh4 13.f3 Ng5 14.Bd1 Nf6 15.Qf2 Qh5
16.Nd3 Qe8 17.Qh4 h6 18.Bd2 e5 19.dxe5 dxe5 20.Bc3 e4 21.Ne5 exf3 22.gxf3 Rd8
23.c5 Nd7 24.Ba4 Nxe5  0-1

[Event "IHEM"]
[Site "Hamburg GER"]
[Date "2002.05.18"]
[Round "1"]
[White "Farago,I"]
[Black "Jacoby,G"]
[Result "1-0"]
[WhiteElo "2506"]
[BlackElo "2275"]

1.d4 Nf6 2.c4 e6 3.Nf3 b6 4.Nc3 Bb7 5.a3 d5 6.cxd5 Nxd5 7.Qc2 Nxc3 8.bxc3 Be7
9.e4 O-O 10.Bd3 c5 11.O-O Qc8 12.Qa2 Ba6 13.Bxa6 Nxa6 14.Rd1 Rd8 15.Bf4 cxd4
16.cxd4 Qc6 17.d5 exd5 18.exd5 Qg6 19.Qe2 Bf6 20.Qxa6 Bxa1 21.Rxa1 Qe4 22.Bc7 Rxd5
23.Re1 Qf5 24.Bxb6 Qc8 25.Qxc8+ Rxc8 26.Bd4 f6 27.h3 Rc4 28.Rb1 Rcxd4 29.Nxd4 Rxd4
30.Rb8+ Kf7 31.Rb7+ Kg6 32.Rxa7 Rd3 33.g3 h5 34.Kg2 Kh6 35.Ra6 Kg5 36.h4+ Kf5
37.Ra5+ Kg6 38.Kf1 Rb3 39.Ke2 Kh6 40.Ra6 Kg6 41.a4 Ra3 42.a5 Kf5 43.Ra8 Kg4
44.a6 Ra2+ 45.Ke3 Ra3+ 46.Ke4 Ra4+ 47.Kd5 Kf3 48.Kc5 Kxf2 49.Kb5 Ra3 50.Rg8 Kxg3
51.Rxg7+ Kxh4 52.Rc7 Kg3 53.a7 Rxa7 54.Rxa7 h4 55.Rg7+ Kf3 56.Rh7 f5 57.Kc4 Ke3
58.Re7+ Kf2 59.Kd3 h3 60.Rh7 Kg2 61.Ke2 h2 62.Rg7+ Kh3 63.Kf2 h1=N+ 64.Kf3 Kh2
65.Rg2+ Kh3 66.Rg5 Kh2 67.Rxf5 Kg1 68.Rg5+ Kf1 69.Rg2  1-0

[Event "V It"]
[Site "Santo Antonio POR"]
[Date "2002.05.20"]
[Round "1"]
[White "Dias,P"]
[Black "Damaso,R"]
[Result "0-1"]
[WhiteElo "2357"]
[BlackElo "2434"]

1.d4 Nf6 2.c4 e6 3.Nf3 b6 4.Nc3 Bb7 5.Bg5 Be7 6.e3 h6 7.Bh4 Ne4 8.Bxe7 Qxe7
9.Qc2 Nxc3 10.Qxc3 O-O 11.Be2 d6 12.O-O a5 13.c5 bxc5 14.dxc5 Bd5 15.Nd2 dxc5
16.Nb3 Qg5 17.f3 Bxb3 18.axb3 Nd7 19.Rfd1 Nb6 20.f4 Qe7 21.Bf3 Nd5 22.Bxd5 exd5
23.Rxd5 Rfe8 24.Re5 Qd6 25.Rxa5 Qd1+ 26.Kf2 Rad8 27.Rxe8+ Rxe8 28.Rxc5 Rd8
29.Rxc7 Rd2+ 30.Kg3 Qe1+ 31.Kh3 Qe2 32.Qc6 Qxe3+ 33.Qf3 Qe6+ 34.Kg3 Qg6+
35.Kh4 Rxg2 36.Kh3 Rxb2 37.Rc8+ Kh7 38.Rc3 Qf5+ 39.Kg3 Qg6+ 40.Kh3 Qe6+ 41.Kg3 f5
42.Kh3 Qg6 43.Rc7 Rxb3  0-1

[Event "Spring"]
[Site "Tel Aviv ISR"]
[Date "2002.05.22"]
[Round "3"]
[White "Porat,S"]
[Black "Rodshtein,M"]
[Result "1-0"]
[WhiteElo "2382"]
[BlackElo "2177"]

1.d4 Nf6 2.c4 e6 3.Nf3 b6 4.Nc3 Bb4 5.Qb3 Bxc3+ 6.Qxc3 Bb7 7.b3 O-O 8.g3 Ne4
9.Qc2 f5 10.Bg2 Nf6 11.O-O Be4 12.Qc3 d6 13.Re1 Qe7 14.Bh3 Qe8 15.Ng5 h6
16.Nxe4 Nxe4 17.Qc2 Nd7 18.Bg2 Qg6 19.Bb2 Rae8 20.b4 e5 21.d5 Ra8 22.e3 Nef6
23.c5 bxc5 24.bxc5 Nxc5 25.Bxe5 Rab8 26.Bd4 Nfd7 27.Rab1 Rb6 28.Rbd1 Qf7
29.e4 fxe4 30.Bxe4 Nf6 31.Bg6 Qd7 32.Bf5 Qd8 33.Bxc5 dxc5 34.Qxc5 Qd6 35.Rc1 Qxc5
36.Rxc5 Rd6 37.Re7  1-0

[Event "V It"]
[Site "Santo Antonio POR"]
[Date "2002.05.25"]
[Round "6"]
[White "Dias,P"]
[Black "Fernando,D"]
[Result "1-0"]
[WhiteElo "2357"]
[BlackElo "2383"]

1.d4 Nf6 2.c4 e6 3.Nf3 b6 4.Nc3 Bb4 5.Qb3 a5 6.Bg5 h6 7.Bh4 Bb7 8.e3 g5 9.Bg3 Ne4
10.Bd3 d6 11.O-O Bxc3 12.bxc3 Nd7 13.Qc2 f5 14.d5 Ndc5 15.Nd4 Qf6 16.Bxe4 fxe4
17.f3 O-O-O 18.fxe4 Qg6 19.e5 Qxc2 20.Nxc2 exd5 21.exd6 dxc4 22.Na3 Ba6 23.dxc7 Rd2
24.Rab1 Kb7 25.Rf7 Rc8 26.Rf6 Na4 27.Nb5 Bxb5 28.Rxb5 Rxa2 29.Be5 Re2 30.Rxh6 Rf8
31.h3 Rxe3 32.Bd4 Re1+ 33.Kh2 Kxc7 34.Rxg5 Rfe8 35.Rgg6 R1e2 36.Rc6+ Kb7
37.Rxc4 b5 38.Rcc6 R8e7 39.Ra6 Re8 40.Rxa5 Rg8 41.Ra7+ Kb8 42.Rg7 Rxg7 43.Bxg7 Kc7
44.Ra6 Re7 45.Rg6 Re3 46.Rg3 Re4 47.Rf3 Nc5 48.g4 Ne6 49.Bf6 Kd7 50.Kg3 Nc5
51.h4 Rc4 52.Bg7 Ne4+ 53.Kh3 Ke6 54.g5 Rc7 55.Bd4 Kd5 56.g6 Rc6 57.g7 Rg6
58.h5  1-0

[Event "Spring"]
[Site "Tel Aviv ISR"]
[Date "2002.05.25"]
[Round "7"]
[White "Porat,S"]
[Black "Lerner,K"]
[Result "1/2-1/2"]
[WhiteElo "2382"]
[BlackElo "2559"]

1.d4 Nf6 2.c4 e6 3.Nf3 b6 4.Nc3 Bb7 5.a3 d5 6.Bg5 Be7 7.Qa4+ c6 8.cxd5 exd5
9.e3 Nbd7 10.Bd3 O-O 11.Ne5 Qc7 12.f4 Nxe5 13.fxe5 Nh5 14.Bxh7+ Kxh7 15.Qc2+ g6
16.Nxd5 Qd7 17.Nxe7 Rae8 18.O-O-O Rxe7 19.Bxe7 Qxe7 20.g4 Ng7 21.h4 Kg8 22.h5 g5
23.h6 Ne6 24.Qf5 Rd8 25.h7+ Kh8 26.Rh6 c5 27.Qf6+ Qxf6 28.Rxf6 cxd4 29.exd4 Nxd4
30.Rd6 Rc8+ 31.Kb1 Be4+ 32.Ka2 Ne6 33.Rd7 Nc5 34.Rxa7 Bc2 35.Rc1 Bb3+ 36.Kb1 Re8
37.Rh1 Bd5 38.Rh6 Be4+ 39.Ka1 Nb3+ 40.Ka2 Nc1+  1/2-1/2

[Event "V It"]
[Site "Santo Antonio POR"]
[Date "2002.05.26"]
[Round "7"]
[White "Galego,L"]
[Black "Dias,P"]
[Result "1-0"]
[WhiteElo "2532"]
[BlackElo "2357"]

1.c4 Nf6 2.Nf3 e6 3.d4 b6 4.Nc3 Bb4 5.Bd2 Bb7 6.e3 O-O 7.Bd3 d5 8.O-O Nbd7
9.a3 Be7 10.b4 c5 11.cxd5 cxd4 12.Nxd4 Nxd5 13.Nxd5 Bxd5 14.Rc1 Bf6 15.Bc3 Rc8
16.Ba6 Ra8 17.Qe2 Nb8 18.Bd3 Bb7 19.Rfd1 Qe7 20.Bb2 Nd7 21.Rc7 Rab8 22.Bb5 Rfd8
23.Rxb7 Rxb7 24.Nc6  1-0

[Event "TSGM June"]
[Site "Belgrade YUG"]
[Date "2002.06.19"]
[Round "5"]
[White "Ivanisevic,I"]
[Black "Cabrilo,G"]
[Result "0-1"]
[WhiteElo "2547"]
[BlackElo "2501"]

1.d4 Nf6 2.c4 e6 3.Nf3 b6 4.Nc3 Bb7 5.a3 d5 6.Qa4+ c6 7.cxd5 exd5 8.Bg5 Be7
9.e3 Nbd7 10.Bd3 h6 11.Bh4 O-O 12.Rd1 Ne4 13.Bxe7 Qxe7 14.Ne2 Rfd8 15.O-O c5
16.Nf4 a5 17.Bb1 c4 18.Nd2 Ndf6 19.Nxe4 Nxe4 20.Rfe1 Rac8 21.f3 Nf6 22.Qc2 Qd6
23.a4 Re8 24.Qc3 Re7 25.Bc2 Rce8 26.Rb1 Rc7 27.Ne2 Rce7 28.Ng3 g6 29.Re2 h5
30.Rbe1 h4 31.Nf1 Nh5 32.e4 dxe4 33.fxe4 Nf4 34.Re3 Nd3 35.Bxd3 cxd3 36.Nd2 f5
37.d5 Bxd5 38.Nc4 Bxc4 39.Qxc4+ Qe6 40.Qxd3 fxe4 41.Qb5 Kg7 42.Qg5 Qf6 43.Qxf6+ Kxf6
44.Rc1 Re6 45.Rc4 Kf5 46.Kf2 Rd8 47.Ke2 Rd5 48.Rc8 Rd4 49.Rh8 Rxa4 50.Rb3 Rc4
51.Ke3 Rc2 52.Rxh4 Rxg2 53.Rf4+ Kg5 54.Rb5+ Kh6 55.Rxe4 Rxe4+ 56.Kxe4 Rxh2
57.Rxb6 Rh4+ 58.Kf3 Rb4 59.Ra6 a4 60.Ra5 g5 61.Ra8 Kh5 62.Rh8+ Kg6 63.Ra8 g4+
64.Kg3 Kf5 65.Rf8+ Ke5 66.Rf2 Kd5 67.Rh2 Re4 68.Rh8 Rb4 69.Rh2 Kc5 70.Rf2 Kc4
71.Kxg4 Kb3+ 72.Kf3 Ka2 73.Ke3 Rxb2 74.Rf4 a3 75.Kd3 Kb3  0-1

[Event "IV Shakkinet B"]
[Site "Helsinki FIN"]
[Date "2002.06.24"]
[Round "1"]
[White "Liitiainen,E"]
[Black "Malmberg,M"]
[Result "1/2-1/2"]
[WhiteElo "2164"]
[BlackElo "2088"]

1.Nf3 e6 2.d4 Nf6 3.c4 b6 4.Nc3 Bb4 5.Qc2 Bb7 6.a3 Bxc3+ 7.Qxc3 Ne4 8.Qc2 O-O
9.e3 d6 10.Bd3 f5 11.O-O Nd7 12.b4 a5 13.Bb2 Qe7 14.Nd2 Nxd2 15.Qxd2 axb4
16.axb4 Rxa1 17.Rxa1 Ra8 18.Rxa8+ Bxa8 19.Qc2 Nf6 20.f3 Bc6 21.e4 fxe4 22.fxe4 e5
23.d5 Be8 24.c5 bxc5 25.bxc5 Bg6 26.cxd6 cxd6 27.Qc8+ Kf7 28.Qc4 Ng4 29.h3 Qa7+
30.Kh1 Nf2+ 31.Kh2 Nxd3 32.Qxd3 Qf2  1/2-1/2

[Event "Open"]
[Site "Velika Gorica CRO"]
[Date "2002.06.25"]
[Round "4"]
[White "Zaja,I"]
[Black "Vadla,Z"]
[Result "1-0"]
[WhiteElo "2459"]
[BlackElo "2246"]

1.d4 Nf6 2.c4 e6 3.Nf3 b6 4.Nc3 Bb4 5.Qb3 c5 6.Bg5 Nc6 7.d5 Ne7 8.Bxf6 gxf6
9.O-O-O Bxc3 10.Qxc3 Ng6 11.h4 d6 12.dxe6 Bxe6 13.Nd2 d5 14.cxd5 Qxd5 15.Qxf6 Rd8
16.e4 Qd4 17.Bb5+ Kf8 18.e5 Rd5 19.Nf3 Qf4+ 20.Qxf4 Nxf4 21.g3 c4 22.gxf4 Rxb5  1-0

[Event "Milivoj Petrov Mem"]
[Site "Pancevo YUG"]
[Date "2002.06.26"]
[Round "3"]
[White "Halkias,S"]
[Black "Markovic,Milo"]
[Result "1-0"]
[WhiteElo "2566"]
[BlackElo "2306"]

1.d4 Nf6 2.c4 e6 3.Nf3 b6 4.Nc3 Bb7 5.Bg5 Be7 6.Qc2 h6 7.Bh4 d5 8.Bxf6 Bxf6
9.cxd5 exd5 10.e3 O-O 11.h4 c5 12.O-O-O cxd4 13.exd4 Qd6 14.Qd2 Bc8 15.Nb5 Qc6+
16.Kb1 a6 17.Nc3 Qd6 18.Ne5 b5 19.f4 Bf5+ 20.Bd3 Bxd3+ 21.Qxd3 b4 22.Ne2 Rd8
23.g4 g6 24.g5 hxg5 25.hxg5 Bg7 26.f5 gxf5 27.Ng3 Bxe5 28.dxe5 Qxe5 29.Rde1  1-0

[Event "Open"]
[Site "Velika Gorica CRO"]
[Date "2002.06.27"]
[Round "6"]
[White "Jukic,Ze"]
[Black "Vadla,Z"]
[Result "0-1"]
[WhiteElo "2226"]
[BlackElo "2246"]

1.d4 Nf6 2.c4 e6 3.Nf3 b6 4.Nc3 Bb7 5.Bg5 Be7 6.Qc2 d5 7.e3 O-O 8.Rd1 Nbd7
9.Bd3 h6 10.Bf4 a6 11.cxd5 exd5 12.O-O c5 13.dxc5 bxc5 14.Ne5 Nxe5 15.Bxe5 Bd6
16.Bxd6 Qxd6 17.Be4 Qe6 18.Bf3 Rfd8 19.Na4 Rac8 20.Rfe1 Qe7 21.Rc1 c4 22.Red1 d4
23.Rxd4 Bxf3 24.Rxd8+ Rxd8 25.gxf3 Rd5 26.Qxc4 Rh5 27.h3 Nd5 28.Qe4 Qd7 29.Rc5 Qxh3
30.f4 Qg4+  0-1

[Event "Match Olympiad Hopes Schev"]
[Site "Belgrade YUG"]
[Date "2002.06.29"]
[Round "4"]
[White "Ivanisevic,I"]
[Black "Stojanovic,Da"]
[Result "1-0"]
[WhiteElo "2547"]
[BlackElo "2442"]

1.c4 e6 2.d4 Nf6 3.Nf3 b6 4.Nc3 Bb4 5.Qb3 Qe7 6.a3 Bxc3+ 7.Qxc3 Bb7 8.e3 d6
9.b3 Nbd7 10.Bb2 Ne4 11.Qc2 O-O 12.Be2 f5 13.O-O Ng5 14.Ne1 e5 15.d5 c6 16.dxc6 Bxc6
17.Rd1 Nc5 18.f3 Rad8 19.Rd2 f4 20.e4 Nge6 21.Qc3 Rf6 22.Bd1 Nd4 23.Rxd4 exd4
24.Qxd4 Ne6 25.Qf2 Rff8 26.Nd3 Nc5 27.Nb4 Bb7 28.Bc2 a5 29.Na2 Qf7 30.Nc3 Bc6
31.Rd1 Qb7 32.b4 axb4 33.axb4 Ne6 34.Bb3 Kh8 35.c5 Qe7 36.cxb6 Rb8 37.Nd5 Bxd5
38.Bxd5 Rfc8 39.Ra1 Nd8 40.Ra7 Nb7 41.Qd2 Rf8 42.Bd4 h6 43.g3  1-0

[Event "23rd Open"]
[Site "Bled SLO"]
[Date "2002.07.04"]
[Round "3"]
[White "Neverov,V"]
[Black "Jaracz,P"]
[Result "1/2-1/2"]
[WhiteElo "2587"]
[BlackElo "2516"]

1.d4 Nf6 2.c4 e6 3.Nf3 b6 4.Nc3 Bb4 5.e3 Bb7 6.Bd3 Ne4 7.O-O Bxc3 8.bxc3 f5
9.Ne1 O-O 10.f3 Ng5 11.Nc2 d6 12.Re1 Nd7 13.Kh1 e5 14.e4 f4 15.a4 c5 16.a5 bxa5
17.Bf1 Kh8 18.Re2 Rf6 19.Ne1 Rh6 20.Nd3 Ne6 21.dxe5 dxe5 22.Nf2 Bc6 23.Rd2 Qc7
24.Rb1 Nf6  1/2-1/2

[Event "Open"]
[Site "Oberwart AUT"]
[Date "2002.07.05"]
[Round "1"]
[White "Timoscenko,G"]
[Black "Deutschmann,R"]
[Result "1-0"]
[WhiteElo "2522"]
[BlackElo "2031"]

1.d4 Nf6 2.c4 e6 3.Nf3 b6 4.Nc3 Bb7 5.a3 d5 6.Qc2 Be7 7.cxd5 exd5 8.Bf4 c5
9.e3 O-O 10.Bd3 Re8 11.O-O Nc6 12.Rad1 c4 13.Be2 Nh5 14.Be5 g6 15.Nd2 Ng7
16.Bf3 Na5 17.e4 dxe4 18.Ndxe4 Rc8 19.d5 f5 20.d6 fxe4 21.Bg4 Rc5 22.dxe7 Qxe7
23.Bd6 Qg5 24.Bxc5 Qxg4 25.h3 Qh5 26.Be3 Nf5 27.Qd2 Nh4 28.Qd7 g5 29.Nd5 Bxd5
30.Qxd5+ Qf7 31.Qxg5+ Ng6 32.Rd6 Nb7 33.Rf6 Qd7 34.Rxg6+ hxg6 35.Qxg6+ Kh8
36.Bd4+ Qxd4 37.Qxe8+ Kh7 38.Qe7+ Qg7 39.Qxe4+  1-0

[Event "Open"]
[Site "Oberwart AUT"]
[Date "2002.07.07"]
[Round "3"]
[White "Timoscenko,G"]
[Black "Fucak,E"]
[Result "1-0"]
[WhiteElo "2522"]
[BlackElo "2317"]

1.d4 e6 2.c4 Nf6 3.Nf3 b6 4.Nc3 Bb7 5.a3 g6 6.Qc2 Bg7 7.e4 d6 8.Be2 O-O 9.O-O h6
10.h3 Qe7 11.Be3 Nbd7 12.Rfe1 c6 13.Rad1 e5 14.d5 c5 15.Nd2 Kh7 16.b4 Ne8
17.Bg4 Ndf6 18.Be2 Nd7 19.Rb1 h5 20.Bd1 Bh6 21.Qd3 Bxe3 22.Qxe3 Ng7 23.Ba4 f5
24.exf5 Nxf5 25.Qd3 Ba6 26.Bxd7 Qxd7 27.bxc5 bxc5 28.Nce4 Nd4 29.Nb3 Qe7
30.Nxd4 cxd4 31.Rb4 Rab8 32.Reb1 Rxb4 33.axb4 Bc8 34.Ra1 Bf5 35.f3 Rb8 36.b5 Rb7
37.Kh2 Rc7 38.Ra6 Bxe4 39.fxe4 h4 40.Rc6 Rd7 41.Qd2 Kg7 42.Kg1 Rb7 43.Qe2 a5
44.b6 Qd8 45.c5 Rd7 46.cxd6 Rxd6 47.Rc7+ Kg8 48.Qg4  1-0

[Event "FSGM July"]
[Site "Budapest HUN"]
[Date "2002.07.17"]
[Round "12"]
[White "Bui Vinh"]
[Black "Kristjansson,S"]
[Result "1/2-1/2"]
[WhiteElo "2444"]
[BlackElo "2428"]

1.d4 e6 2.c4 Nf6 3.Nf3 b6 4.Nc3 Bb4 5.Bg5 Bb7 6.e3 h6 7.Bh4 g5 8.Bg3 Ne4
9.Qc2 Bxc3+ 10.bxc3 d6 11.a4 a5 12.Nd2 Nxg3 13.hxg3 h5 14.Rh2 Nd7 15.Bd3 Qf6
16.Be4 O-O-O 17.Bxb7+ Kxb7 18.Rb1 c6 19.Ke2 Rh6 20.Qe4 Kc7 21.Rbh1 Rdh8 22.Qd3 e5
23.Qe4 Qe6 24.Qd3 f5 25.Kd1 Nf6 26.Qe2 c5 27.Nf3 Ne4 28.d5 Qd7 29.Qc2 h4
30.Kc1 R6h7 31.g4 fxg4 32.Nxe5 dxe5 33.Qxe4 Qxa4 34.g3 Kb7 35.gxh4 Rxh4 36.Rxh4 gxh4
37.Qxg4 Rh7 38.Kb2 Rf7 39.Rh2 h3 40.Qe6 Rg7 41.Rxh3 Qxc4 42.Rh8 Rc7 43.Qe8 Ka6
44.d6 Rg7 45.Qa8+ Kb5 46.Qe8+ Ka6  1/2-1/2

[Event "KB Czech Open"]
[Site "Pardubice CZE"]
[Date "2002.07.22"]
[Round "4"]
[White "Borovikov,V"]
[Black "Parligras,M"]
[Result "1-0"]
[WhiteElo "2570"]
[BlackElo "2511"]

1.d4 Nf6 2.Nf3 e6 3.c4 b6 4.Nc3 Bb7 5.a3 d5 6.cxd5 Nxd5 7.e3 g6 8.Bb5+ c6
9.Ba4 Bg7 10.O-O O-O 11.e4 Nxc3 12.bxc3 c5 13.Bg5 Qc7 14.Re1 a6 15.Qd2 b5
16.Bb3 Nd7 17.Bf4 Qa5 18.Bd6 Rfc8 19.Ng5 Bh6 20.Bf4 cxd4 21.Nxf7 Bxf4 22.Qxf4 Rf8
23.Bxe6 Nc5 24.Qf6  1-0

[Event "TCh-POL Jun"]
[Site "Laczna POL"]
[Date "2002.07.23"]
[Round "11"]
[White "Bronowicki,M"]
[Black "Warakomski,T"]
[Result "1-0"]
[WhiteElo "2135"]
[BlackElo "2124"]

1.d4 e6 2.Nf3 Nf6 3.c4 b6 4.Nc3 Bb4 5.g3 Bb7 6.Bg2 Bxc3+ 7.bxc3 d6 8.O-O Nbd7
9.Nd2 Bxg2 10.Kxg2 O-O 11.e4 e5 12.a4 a5 13.Re1 g6 14.Qe2 Qe7 15.Rb1 Rae8
16.Ba3 Nh5 17.Kh1 Ng7 18.c5 dxc5 19.dxc5 Nxc5 20.Rb5 Nge6 21.Nb3 c6 22.Rxb6 Qc7
23.Nxc5 Qxb6 24.Nd7 Qa7 25.Rd1 Kh8 26.Qf3 f5 27.Nxf8 Nxf8 28.exf5 e4 29.Qf4 Qf7
30.f6 Ne6 31.Qxe4 Qxf6 32.Bc5 Rc8 33.Be3 Ng5 34.Qd4 Qxd4 35.Rxd4 Nf7 36.Rd7 Kg8
37.Ra7 Rd8 38.Rxa5 Rd3 39.Bd4 Nd6 40.Ra7 Nf5 41.Be5 h5 42.a5 h4 43.Kg2 g5
44.g4 Nh6 45.Rg7+ Kf8 46.Rxg5  1-0

[Event "24th Politiken Cup"]
[Site "Copenhagen DEN"]
[Date "2002.07.24"]
[Round "9"]
[White "Pert,N"]
[Black "Aagaard,J"]
[Result "1-0"]
[WhiteElo "2460"]
[BlackElo "2359"]

1.d4 Nf6 2.Nf3 e6 3.c4 b6 4.Nc3 Bb4 5.Bg5 Bb7 6.Nd2 h6 7.Bh4 d5 8.Qa4+ Nc6
9.cxd5 exd5 10.e3 Be7 11.Bxf6 Bxf6 12.Ba6  1-0

[Event "Mercosur Cup"]
[Site "Vicente Lopez ARG"]
[Date "2002.07.25"]
[Round "8"]
[White "Slipak,S"]
[Black "Pelikian,J"]
[Result "1-0"]
[WhiteElo "2498"]
[BlackElo "2409"]

1.d4 Nf6 2.c4 e6 3.Nf3 b6 4.Nc3 Bb7 5.Bg5 Be7 6.Qc2 h6 7.Bxf6 Bxf6 8.e4 d6
9.O-O-O Nd7 10.Kb1 a6 11.h4 g6 12.e5 Bxf3 13.gxf3 dxe5 14.d5 exd5 15.Nxd5 c6
16.Bh3 cxd5 17.Rxd5 Ra7 18.Rhd1 O-O 19.h5 gxh5 20.Bxd7 Bg7 21.Rd6 Qe7 22.Bc6 Qg5
23.Bd5 h4 24.Rg6  1-0

[Event "6th Open"]
[Site "Korinthos GRE"]
[Date "2002.07.26"]
[Round "4"]
[White "Genov,Peta"]
[Black "Lekic,D"]
[Result "1-0"]
[WhiteElo "2526"]
[BlackElo "2410"]

1.d4 Nf6 2.c4 e6 3.Nf3 b6 4.Nc3 Bb7 5.a3 d5 6.Qc2 c5 7.cxd5 cxd4 8.Qa4+ Nbd7
9.Nxd4 Nxd5 10.Nxd5 Bxd5 11.e4 Bb7 12.Be3 a6 13.Rd1 b5 14.Qc2 Rc8 15.Qb1 Qh4
16.Bd3 Nc5 17.Nf3 Qg4 18.O-O Bxe4 19.Bxe4 Qxe4 20.Qc1 Qb7 21.Bd4 Be7 22.Qf4 O-O
23.Qg4 g6 24.Ng5 Bxg5 25.Qxg5 f6 26.Qe3 Qe7 27.f4 Nd7 28.Bc3 Qc5 29.Rfe1 Qxe3+
30.Rxe3 Nc5 31.Bb4 Rfe8 32.Rd6 Kf7 33.g4 a5 34.Bxa5 Nb7 35.Rd7+ Re7 36.Rxe7+ Kxe7
37.Bb4+ Kf7 38.Rd3 Rc1+ 39.Kg2 Nc5 40.Rc3 Rxc3 41.Bxc3 Ne4 42.Bb4 f5 43.Kf3 h6
44.Ke3 Ke8 45.Kd4 Kd7 46.gxf5 gxf5 47.h4 Ke8 48.b3 Kd7 49.Bf8 h5 50.Bb4 Kc6
51.Ke5 Kd7 52.a4 bxa4 53.bxa4 Nf2 54.Kf6 Nd3 55.Bd2 Nc5 56.Kg6 e5 57.fxe5 Ke6
58.Kxh5 Kxe5 59.a5 f4 60.Kg4 f3  1-0

[Event "2nd Summer Open"]
[Site "Savaria HUN"]
[Date "2002.07.27"]
[Round "3"]
[White "Mrkonjic,N"]
[Black "Csonka,A"]
[Result "1/2-1/2"]
[WhiteElo "2375"]
[BlackElo "2330"]

1.d4 Nf6 2.Nf3 e6 3.c4 b6 4.Nc3 Bb4 5.Bd2 Bb7 6.Qb3 c5 7.a3 Bxc3 8.Bxc3 Na6
9.Qd1 O-O 10.e3 Ne4 11.Rc1 cxd4 12.Bxd4 d5 13.cxd5 Qxd5 14.b4 Rac8 15.Be2 Rxc1
16.Qxc1 Rc8 17.Qa1 f6 18.O-O Nb8 19.Rd1 Qc6 20.Ne1 Qc7 21.f3 Nd6 22.e4 Nf7
23.Qa2 Nd8 24.Bf2 Kf8 25.Qd2 Nf7 26.Qe3 Qc3 27.Qxc3 Rxc3 28.Ra1 e5 29.a4 Nc6
30.a5 Nxb4 31.axb6 axb6 32.Ra7 Nd6 33.Bxb6 Nc6 34.Ra1 Ke7 35.Nd3 Nc4 36.Bc5+ Kf7
37.Bf2 Nd4 38.Bxd4 exd4 39.Nc5 Bc8 40.Ra7+ Kg6 41.Bxc4 Rxc4 42.Rc7 d3 43.Kf2 Bd7
44.Rxd7 Rxc5 45.Rxd3 Rc2+ 46.Kg3 Re2 47.Rd7 Kh6 48.h4 Kg6 49.Kh3 Re3 50.Kg4 h5+
51.Kg3 Re2 52.Re7 Kh7 53.f4 Kg8 54.Kf3 Re1 55.Re8+ Kf7 56.Rh8 g6 57.g3 Rb1
58.Rh7+ Kg8 59.Rd7 Rb3+ 60.Kf2 Kf8 61.Rd5 Kg7 62.f5 gxf5 63.Rxf5 Kg6 64.Rd5 Rc3
65.Rd8 Rb3 66.Rd6 Kg7 67.Ra6 Rc3 68.Ra1 Kg6 69.Rg1 Kf7 70.Re1 Ke6 71.Re3 Rc1
72.Ra3 Kf7 73.Ra6 Kg7 74.Ra3 Kg6 75.Re3 Rb1 76.Rd3 Ra1 77.Ke3 Re1+ 78.Kd4 Re2
79.Kd5 Kf7 80.Rf3 Rd2+ 81.Kc4 Kg6 82.Kc3 Ra2 83.Kd3 Ra3+ 84.Ke2 Ra2+ 85.Ke3 Ra3+
86.Kf4 Ra2 87.g4 hxg4 88.Kxg4 Rg2+ 89.Rg3 Rh2 90.Rh3 Rg2+ 91.Kf3 Ra2 92.Kf4 Rf2+
93.Kg3 Re2 94.Kf3 Ra2 95.Rh1 Kh5 96.Kf4 Ra5 97.Rd1 Ra2 98.Rf1 Ra5 99.Kg3 Kg6
100.Kg4 Re5 101.Rf4 Kg7 102.Kf3 Kg6 103.Rg4+ Kf7 104.Kf4 Rh5 105.Kg3 f5 106.Rf4 Kf6
107.Rf2 Ke5 108.exf5 Rxf5 109.Ra2 Kf6 110.Kg4 Rb5 111.Ra7 Kg6  1/2-1/2

[Event "6th Open"]
[Site "Korinthos GRE"]
[Date "2002.07.28"]
[Round "6"]
[White "Malakhatko,V"]
[Black "Nikolaidis,I"]
[Result "0-1"]
[WhiteElo "2516"]
[BlackElo "2502"]

1.d4 Nf6 2.Nf3 e6 3.c4 b6 4.Nc3 Bb4 5.Bg5 h6 6.Bh4 Bb7 7.Nd2 O-O 8.e3 d6
9.a3 Bxc3 10.bxc3 Nbd7 11.f3 e5 12.e4 Re8 13.Be2 Nf8 14.Bf2 Ne6 15.g3 Nd7
16.Be3 exd4 17.cxd4 f5 18.exf5 Ng5 19.Nf1 c5 20.d5 Qf6 21.h4 Nf7 22.g4 Re7
23.Kf2 Rae8 24.Rb1 g6 25.f4 g5 26.fxg5 hxg5 27.Rb3 gxh4 28.Kg1 Ba6 29.Qc1 Re4
30.Rh3 Nde5 31.Nd2 Rxg4+ 32.Bxg4 Nxg4 33.Qe1 Bc8 34.Kh1 Bxf5 35.Qg1 Qg6 36.Qg2 Ng5
37.Rxh4 Nxe3 38.Qg3 Nc2 39.Rb1 Re3 40.Qh2 Rh3 41.Rxh3 Nxh3 42.Rb3 Be4+ 43.Nxe4 Qxe4+
44.Qg2+ Qxg2+ 45.Kxg2 Nf4+ 46.Kg3 Ng6 47.Rc3 Nd4 48.Kf2 Kf7 49.Rh3 Ne5 50.Rh7+ Kf6
51.Rh6+ Kf7 52.Rxd6 Ke7  0-1

[Event "Open A"]
[Site "Trier GER"]
[Date "2002.07.30"]
[Round "2"]
[White "Goriachnik,D"]
[Black "Kunin,V"]
[Result "0-1"]
[WhiteElo "2223"]
[BlackElo "2459"]

1.d4 Nf6 2.c4 e6 3.Nf3 b6 4.Nc3 Bb7 5.Bg5 Be7 6.e3 h6 7.Bh4 d6 8.Bd3 g5 9.Bg3 g4
10.Nh4 Rg8 11.h3 Nh5 12.hxg4 Nxg3 13.fxg3 Nd7 14.Be4 c6 15.Qe2 d5 16.cxd5 cxd5
17.Bf3 Bd6 18.Kf2 h5 19.Nf5 exf5 20.Rxh5 fxg4 21.Bxd5 Qf6+ 22.Kg1 Bxd5 23.Nxd5 Qg6
24.Qb5 Bxg3 25.Rf1 a6 26.Nf6+ Qxf6 27.Qd5 Rc8 28.Rxf6 Nxf6 29.Re5+ Kf8 30.Qd6+ Kg7
31.Kf1 Rc1+ 32.Ke2 Re1+ 33.Kd3 Bxe5 34.Qxe5 Kg6 35.Kd2 Re8 36.Qd6 R1xe3 37.Qxb6 Re2+
38.Kc3 R8e3+  0-1

[Event "Open A"]
[Site "Trier GER"]
[Date "2002.08.01"]
[Round "6"]
[White "Goriachnik,D"]
[Black "Cioara,A"]
[Result "1/2-1/2"]
[WhiteElo "2223"]
[BlackElo "2414"]

1.d4 e6 2.c4 Nf6 3.Nf3 b6 4.Nc3 Bb4 5.Qc2 Bb7 6.Bg5 h6 7.Bh4 O-O 8.e3 d6
9.Bd3 Nbd7 10.a3 Bxc3+ 11.Qxc3 c5 12.O-O Rc8 13.b4 d5 14.bxc5 bxc5 15.Rfd1 dxc4
16.Bxc4 Bxf3 17.gxf3 Nd5 18.Bxd5 Qxh4 19.Bb7 Rc7 20.Rab1 Nf6 21.dxc5 Qg5+
22.Kh1 Rxc5 23.Qd3 Qh4 24.Qd4 Qh5 25.Rg1 Qe5 26.Qxe5 Rxe5 27.a4 Ra5 28.Bc6 Rc8
29.Rgc1 Kf8 30.Bb5 Rb8 31.Kg2 Nd5 32.f4 Ke7 33.Kf3 Rb7 34.Ra1 Nb6 35.Rc2 a6
36.Bc6 Rc7 37.Be4 Rxc2 38.Bxc2 Rc5 39.Bd3 a5 40.Bb5 Nd5 41.Bd3 f5 42.h4 Rc3
43.Bb5 Rc2 44.Rg1 Kf6 45.Be8 Ke7 46.Bb5 Kf7 47.Rd1 Nf6 48.Kg2 Ke7 49.Kf1 Nd5
50.Rd4 Kd6 51.Ke1 Kc5 52.Bd7 Nc7 53.Bc8 Rc1+ 54.Kd2 Rh1 55.Rd7 Kc6 56.Rxg7 Rxh4
57.Rg6 Kd6 58.f3 h5 59.Rh6 Rh3 60.e4 Rxf3 61.exf5 Rxf4 62.Bxe6 Nxe6 63.Rxe6+ Kc5
64.f6 Kb4  1/2-1/2

[Event "V Open"]
[Site "Banyoles ESP"]
[Date "2002.08.03"]
[Round "1"]
[White "Mirzoev,A"]
[Black "Pacheco,J"]
[Result "1-0"]
[WhiteElo "2498"]
[BlackElo "2064"]

1.d4 Nf6 2.Nf3 e6 3.c4 b6 4.Nc3 Bb7 5.Qc2 Be7 6.e4 d6 7.Bd3 Nc6 8.a3 e5 9.d5 Nb8
10.O-O Nbd7 11.b4 O-O 12.Be3 c6 13.h3 Qc7 14.dxc6 Bxc6 15.Rfc1 Rfc8 16.Nd2 Nh5
17.Nd5 Qd8 18.Qd1 Nhf6 19.Nb1 Nxd5 20.cxd5 Bb7 21.Nd2 f5 22.exf5 Bxd5 23.Bc4 Bxc4
24.Nxc4 Qf8 25.Qd5+ Qf7 26.Qb7 Qxf5 27.Nxd6 Rxc1+ 28.Rxc1 Qf8 29.Qd5+ Kh8
30.Nf7+ Qxf7 31.Qxf7  1-0

[Event "It"]
[Site "Stockholm SWE"]
[Date "2002.08.03"]
[Round "1"]
[White "Yakovich,Y"]
[Black "Couso,L"]
[Result "1/2-1/2"]
[WhiteElo "2586"]
[BlackElo "2345"]

1.d4 Nf6 2.c4 e6 3.Nf3 b6 4.Nc3 Bb7 5.a3 g6 6.Qc2 Bg7 7.e4 O-O 8.Bd3 d6 9.O-O Nbd7
10.Bg5 h6 11.Bd2 a6 12.h3 Kh7 13.b4 Ra7 14.Rfe1 Ne8 15.Rab1 c5 16.d5 exd5
17.cxd5 Bc8 18.Rbc1 Rc7 19.Qb1 Ne5 20.Nxe5 Bxe5 21.Ne2 Qh4 22.f4 Bg7 23.bxc5 bxc5
24.Bc3 Nf6 25.Rf1 Nd7 26.Qa1 Bxc3 27.Qxc3 Qf6 28.Qa5 Rb7 29.Rb1 c4 30.Bxc4 Rxb1
31.Rxb1 Nc5 32.e5 Qf5 33.Re1 Qe4 34.Qc3 Re8 35.exd6 Bd7 36.Rf1 Qe3+ 37.Qxe3 Rxe3
38.Rf3 Rxf3 39.gxf3 Bxh3 40.Kf2 Bc8 41.Nd4 Kg7 42.Nc6 Kf8 43.Nb8 Ke8 44.Ke3 Nd7
45.Nxa6 Nb6 46.Bb5+ Bd7 47.Nc7+ Kd8 48.Kd4 Bxb5 49.Nxb5 h5 50.Nc3 h4 51.Ne4 h3
52.Nf2 h2 53.f5 Kd7 54.fxg6 fxg6 55.Ke5 Nc4+ 56.Kf6  1/2-1/2

[Event "9th Open"]
[Site "Nice FRA"]
[Date "2002.08.08"]
[Round "4"]
[White "Chabanon,JL"]
[Black "Epishin,V"]
[Result "0-1"]
[WhiteElo "2483"]
[BlackElo "2643"]

1.d4 Nf6 2.c4 e6 3.Nf3 b6 4.Nc3 Bb7 5.a3 d5 6.Bg5 Be7 7.Bxf6 Bxf6 8.cxd5 exd5
9.Qa4+ c6 10.g3 O-O 11.Bg2 c5 12.Rd1 Qe7 13.O-O Rd8 14.dxc5 bxc5 15.e4 Bc6
16.Qc2 Bxc3 17.Qxc3 d4 18.Qa5 Re8 19.b4 Bxe4 20.Rfe1 Nc6 21.Qa4 Qf6 22.Rxe4 Rxe4
23.b5 Ne5 24.Nxd4 Ng4 25.Qc2 Rxd4 26.Rxd4 Qxd4 27.Bxa8 c4 28.h3 Nf6 29.a4 g6
30.a5 Qa1+ 31.Kg2 c3 32.a6 Qb2 33.b6 Qxc2 34.bxa7 Ne4  0-1

[Event "It"]
[Site "Tel Aviv ISR"]
[Date "2002.08.12"]
[Round "2"]
[White "Mikhalevski,A"]
[Black "Lerner,K"]
[Result "0-1"]
[WhiteElo "2429"]
[BlackElo "2536"]

1.d4 Nf6 2.c4 e6 3.Nf3 b6 4.Nc3 Bb4 5.Qc2 Bb7 6.a3 Bxc3+ 7.Qxc3 O-O 8.b3 Nc6
9.g3 d5 10.Bb2 dxc4 11.bxc4 Na5 12.Bg2 Ne4 13.Qc2 Nd6 14.c5 Be4 15.Qa4 Ndc4
16.Bc3 Qe8 17.Qxe8 Rfxe8 18.Bxa5 Nxa5 19.Rc1 Nb3 20.Rc3 Nxd4 21.Nxd4 Bxg2
22.Rg1 Bb7 23.Nb5 Re7 24.c6 Ba6 25.a4 Bxb5 26.axb5 a5 27.e4 Ree8 28.Kd2 Red8+
29.Rd3 Kf8 30.Rxd8+ Rxd8+ 31.Kc3 Ke7 32.f4 f6 33.g4 e5 34.fxe5 fxe5 35.g5 Rd4
36.g6 hxg6 37.Rxg6 Kf7 38.Rg2 Rxe4 39.Rf2+ Ke6 40.Rg2 Kd5 41.Rxg7 Kc5 42.Rxc7 Kxb5
43.Kd3 Rd4+ 44.Ke3 Rc4 45.Re7 Rxc6 46.h4 a4 47.h5 Kb4 48.Ke4 Rh6 49.Rxe5 a3
50.Kf4 a2 51.Re4+ Ka5 52.Re8 b5 53.Kg5 Ra6 54.Re1 Kb4 55.Re4+ Kc3  0-1